00709 2200241 4500001002100000005001500021035002000036007000300056008004100059020002200100082000800122084001400130100002100144245017000165250001000335260003900345300002500384650001400409990001100423990001100434990001100445990001100456INLIS00000000000119420220811112504 a0010-0118000012ta220811 g 0 ind  a978-979-25-4801-3 a301 a301 NUR p0 aNurani Soyomukti1 aPengantar Sosiologi :bDasar Analisis, Teori, dan Pendekatan Menuju Analisis Masalah-masalah Sosial, Perubahan Sosial dan Kajian-kajian Strategis /cNurani Soyomukti acet.6 aYogyakarta :bAR-Ruzz Media,c2016 a536 hlm ;c14 x 21cm 4aSosiologi a5654 a a5654 b a5654 b a5654 a